Liste des 23 - Equipe d'Espagne - Coupe du monde 2018 - Statistiques

Statistiques générales
  • Ce quiz a été pris 593 fois
    585 depuis la dernière actualisation
  • Le résultat moyen est 17 sur 23
Statistiques - réponses
Poste Numéro Joueurs Club % Correct
G 1 David De Gea Manchester United
98%
DC 15 Sergio Ramos Real Madrid
95%
DC 3 Gerard Piqué FC Barcelone
93%
DG 18 Jordi Alba FC Barcelone
89%
MC 6 Andrés Iniesta FC Barcelone
88%
DD 2 Dani Carvajal Real Madrid
88%
MDC 5 Sergio Busquets FC Barcelone
88%
MOC 21 David Silva Manchester City
81%
MC 8 Koke Atlético Madrid
81%
MOC 22 Isco Real Madrid
80%
DC 4 Nacho Real Madrid
78%
MC 10 Thiago Alcantara Bayern Munich
77%
BU 19 Diego Costa Atlético Madrid
75%
BU 17 Iago Aspas Celta Vigo
74%
MOC 20 Marco Asensio Real Madrid
71%
DC 14 Cesar Azpilicueta Chelsea FC
70%
MC 7 Saùl Niguez Atlético Madrid
69%
G 23 Pepe Reina SSC Naples
68%
G 13 Kepa Arrizabalaga Athletic Bilbao
54%
BU 9 Rodrigo Moreno Valence CF
53%
AD 11 Lucas Vazquez Real Madrid
50%
DG 16 Nacho Monreal Arsenal FC
49%
DD 12 Alvaro Odriozola Real Sociedad
23%
Aucun quiz correspondant
Distribution des résultats
% des personnes avec chaque résultat
Percentile par nombre de réponses
Votre historique - résultats
Vous n’avez pas pris ce quiz depuis la dernière actualisation